000 00705nam a2200229Ia 4500
003 GCL
008 140319s9999 xx 000 0 ara d
040 _aGCL /
_cGCL
082 0 4 _a692
_bا ف
100 1 _aاحمد محمد جاد سيد احمد
245 1 0 _aفن العمارة والانشاء /
_cاحمد محمد جاد سيد احمد
260 _a[S.N] :
_bعالم الكتب الحديث ،
_c1987
490 _a
650 0 4 _aهندسة الانشاءات
650 0 4 _aالتصميم الانشائى
650 0 4 _aالمبانى
650 0 4 _aالبناء
650 0 4 _aمواد البناء
650 0 4 _aالعمارة
650 0 4 _aعقود البناء
942 _2ddc
_cBK
999 _c31417
_d31417